Quick Pick: Valentine's Day in 10 Languages Quiz Stats

 Plays Quiz Updated Feb 14, 2016

Challenge
Share
Tweet
Embed
Score 0/10 Timer 01:00
0 Plays Today
% Correct
バレンタインデー
90.8%
عيد الحب
86.3%
Saint Valentin
84.1%
San Valentino
80.5%
День святого Валентина
78%
Valentijnsdag
77.7%
Dia de São Valentim
74.8%
Valentinstag
74.6%
Día de San Valentín
73.1%
Ystävänpäivä
62.6%

Today's Daily Dose

You're not logged in!

Compare scores with friends on all Sporcle quizzes.
Join for Free
OR
Log In

You Might Also Like...

Show Comments

Extras

Top Quizzes Today


Score Distribution

Your Account Isn't Verified!

In order to create a playlist on Sporcle, you need to verify the email address you used during registration. Go to your Sporcle Settings to finish the process.

Report this User

Report this user for behavior that violates our Community Guidelines.

Details: